La voluntad del pueblo me eligió, la esperanza y la fe del pueblo me sostendrán /
Spremljeno u:
| Glavni autor: | |
|---|---|
| Format: | Tekst |
| Oznake: |
Dodaj oznaku
Bez oznaka, Budi prvi tko označuje ovaj zapis!
|
MARC
| LEADER | 00000 a a2200000 04500 | ||
|---|---|---|---|
| 001 | 48091 | ||
| 003 | |||
| 040 | |||
| 100 | |a Napoleón Duarte, José | ||
| 245 | |a La voluntad del pueblo me eligió, la esperanza y la fe del pueblo me sostendrán / |c José Napoleón Duarte | ||
| 500 | |a Texto del discurso pronunciado al asumir la Presidencia de la República de El Salvador, el 1 de junio de 1984 | ||
| 773 | |g número2, (especial, 1992), páginas 9-19 | ||
| 999 | |c 24118 |d 24118 | ||
